1465 1868 1846 1079 1148 1240 1704 1566 1884 1575 1167 1428 1887 1267 1862 1401 1938 1936 1348 1649 1683 1971 1261 2000 1206 1962 1458 1423 1134 1217 1340 1323 1887 1059 1274 1732 1598 1345 1240 1004 1918 1820 1356 1721 1934 1486 1556 1550 1068 1679 1318 1301 1113 1775 1990 1801 1746 1283 1864 1592 1942 1070 1888 1941 1230 1300 1029 1465 1246 1497 1019 1142 1919 1867 1429 1579 1536 1868 1269 1381 1426 1049 1281 1599 1755 1763 1394 1539 1331 1094 1864 1130 1321 1824 1806 1090 1885 1688 1654 BCNSPRNW ULIB Ver.6.0+V

เปลี่ยนเป็นภาษาไทย

Change to English
 แสดงรายละเอียดบรรณานุกรม
  กลับหน้าหลัก

Brief Record : Get Marc (ISO 2709) : E-mail record : QR code < ปิดหน้าต่าง
LEADER : 00000nam 2200000uu 4500
001    13399111865
003     ULIB
008    110711s2553||||th 000 0 tha d
020    9789746452797(ล.3)
060  4 WY150^bส627ก ล.3
110 1  มหาวิทยาลัยสุโขทัยธรรมาธิราช^bสาขาวิชาพยาบาลศาสตร์
245 00 เอกสารการสอนชุดวิชา การพยาบาลผู้ใหญ่และผู้สูงอายุ หน่วยที่11-15=^bAdult and elderly nursing /^cบรรณาธิการ ศรีนวล สถิตวิทยานันท์
246 31  Adult and elderly nursing
250    พิมพ์ครั้งที่ 11
260    นนทบุรี:^bศูนย์หนังสือมหาวิทยาลัยสุโขทัยธรรมาธิราช,^c2553
300    582 หน้า
650  7 การพยาบาลผู้สูงอายุ
650  7 การพยาบาลผู้ใหญ่
700 0  ศรีนวล สถิตวิทยานันท์,^eบรรณาธิการ
710 2  มหาวิทยาลัยสุโขทัยธรรมาธิราช^bสาขาวิชาพยาบาลศาสตร์
945    ^p0^l0^i18336
945    ^p0^l0^i18337
945    ^p0^l0^i18338
995    กัณชพร
999    ^aใช้งานได้ทุกระบบ
รายการนี้ยังไม่มีแท็ก
คุณยังไม่ได้ล็อกอิน คุณสามารถมีกิจกรรมร่วมกับเว็บไซต์ได้ แต่ต้องล็อกอินก่อน ::
  ล็อกอิน

รายการสื่อสารสนเทศ

ลำดับที่ ประเภท เลขเรียก/บาร์โค้ด สถานที่ สถานะ
1. วิทยาศาสตร์การแพทย์ และสุขภาพ
วิทยาศาสตร์การแพทย์ และสุขภาพ
WY150 ส627ก ล.3  
  Barcode: 18336
ห้องสมุดวิทยาเขตนครสวรรค์
►ส่วนจัดเก็บหนังสือเก่า นว.
บนชั้น
  ขอยืม
2. วิทยาศาสตร์การแพทย์ และสุขภาพ
วิทยาศาสตร์การแพทย์ และสุขภาพ
สถานะ=หนังสือเก่า
WY150 ส627ก ล.3 ฉ.2 
  Barcode: 18337
ห้องสมุดวิทยาเขตสวรรค์ประชารักษ์
►หนังสือทั่วไป
ถูกยืม กำหนดส่งวันที่ 4 กรกฎาคม 2568
  จอง
3. วิทยาศาสตร์การแพทย์ และสุขภาพ
วิทยาศาสตร์การแพทย์ และสุขภาพ
WY150 ส627ก ล.3 ฉ.3 
  Barcode: 18338
ห้องสมุดวิทยาเขตนครสวรรค์
►ส่วนจัดเก็บหนังสือเก่า นว.
บนชั้น
  ขอยืม

รายการใกล้เคียง
    หัวเรื่อง [การพยาบาลผู้สูงอายุ]
    หัวเรื่อง [การพยาบาลผู้ใหญ่]

BibComment


ยังไม่เคยถูกคอมเมนท์

คอมเมนท์ทรัพยากรรายการนี้
  คอมเมนท์: เอกสารการสอนชุดวิ..


 Copyright 2026. Bcnsprnw @Library